Lost Characters Described by One Word Quiz Stats

 Plays Quiz not verified by Sporcle

Score 0/10 Timer 02:00
0 Plays Today
% Correct
Jack Shepard
99.2%
James Ford (Sawyer)
96.2%
Charlie Pace
94.6%
Vincent Lloyd
94.6%
Mr. Eko
93.8%
Hugo Reyes (Hurley)
93.1%
Desmond Hume
93.1%
Kate Austen
92.3%
Daniel Faraday
91.5%
John Locke
89.2%

You're not logged in!

Compare scores with friends on all Sporcle quizzes.
OR
Log In

Show Comments

Extras

Top Quizzes Today


Score Distribution

Your Account Isn't Verified!

In order to create a playlist on Sporcle, you need to verify the email address you used during registration. Go to your Sporcle Settings to finish the process.

Report this User

Report this user for behavior that violates our Community Guidelines.

Details: